| 000 | 00434nam a2200157 i 4500 | ||
|---|---|---|---|
| 001 | bg | ||
| 100 | 1 | _aKONSTANTINOW, W. J. | |
| 245 | 0 |
_aSbornik prakticeskich primerow i zadac po obscej elektrotechnike / _cW.J. Konstantinow, A.F. Simonow. |
|
| 250 | _aWyd.3 przer. i uzup. | ||
| 260 |
_aMoskwa, _c1971. |
||
| 700 | 1 | _aSIMONOW, A. F. | |
| 040 | _cBPK | ||
| 041 | _apol | ||
| 942 | _cKS | ||
| 008 | s pl f |000 0 pol | ||
| 999 |
_c14538 _d14538 |
||
| 856 |
_uhttp://koha.tu.koszalin.pl/cgi-bin/koha/opac-detail.pl?biblionumber=14538 _yKatalog online BPK |
||